Fuse's Top 50 Artists of 2024 - Statistics

General Stats
  • This quiz has been taken 37 times
  • The average score is 17 of 49
Answer Stats
Rank Artist Top 2 Songs Plays % Correct
6 Coldplay Yellow / Viva la Vida 356
89%
=49 MC Hammer U Can't Touch This / - 43
80%
11 Dire Straits Sultans of Swing / Romeo and Juliet 248
77%
31 Electric Light Orchestra Livin' Thing / Mr. Blue Sky 72
77%
42 Bruno Mars Grenade / Locked Out of Heaven 52
74%
29 Katy Perry Last Friday Night (T.G.I.F.) / Teenage Dream 79
69%
=49 The Who Baba O'Riley / Substitute 43
69%
9 Train Drops of Jupiter (Tell Me) / Drive By 277
63%
41 Boston More Than a Feeling / - 54
60%
7 My Chemical Romance Welcome to the Black Parade / Teenagers 313
60%
40 Queen A Kind of Magic / Don't Stop Me Now 56
60%
37 The Fray How to Save a Life / - 61
57%
35 U2 Beautiful Day / Stuck in a Moment You Can't Get Out Of 67
57%
39 blink-182 All the Small Things / - 59
51%
=43 Crowded House Something So Strong / Don't Dream It's Over 51
49%
47 Paul McCartney My Brave Face / Maybe I'm Amazed 45
49%
17 Arctic Monkeys Fluorescent Adolescent / Do I Wanna Know? 179
46%
=43 Garbage Stupid Girl / Only Happy When It Rains 51
46%
23 The Smiths This Charming Man / There Is a Light That Never Goes Out 100
43%
26 Empire of the Sun Walking on a Dream / We Are the People 92
40%
21 Tame Impala The Less I Know The Better / Let It Happen 114
40%
18 Franz Ferdinand Take Me Out / The Dark of the Matinée 169
37%
22 MGMT Kids / - 107
37%
46 The Smashing Pumpkins Tonight, Tonight / 1979 49
37%
8 The Beatles In My Life / Being for the Benefit of Mr. Kite! 304
34%
36 The Neighbourhood Sweater Weather / Void 66
34%
5 Cage The Elephant Shake Me Down / Cigarette Daydreams 365
31%
14 Vampire Weekend Campus / A-Punk 185
29%
4 Declan McKenna Brazil / Isombard 473
26%
16 TV Girl Lovers Rock / Blue Hair 180
23%
48 Weezer Island in the Sun / A Little Bit of Love 44
23%
38 The Cure Inbetween Days / The Lovecats 60
17%
27 The Strokes Someday / Is This It 88
17%
30 The Verve History / The Drugs Don't Work 73
17%
25 New Order Age of Consent / True Faith '94 93
14%
=32 The Stranglers Golden Brown / - 70
14%
1 twenty one pilots Holding on to You / Vignette 5168
14%
28 The Courteeners Not Nineteen Forever / - 85
9%
2 The Rare Occasions Notion / Notion (Acoustic) 606
9%
45 The Isley Brothers This Old Heart Of Mine (Is Weak For You) / Harvest For The World 50
6%
24 Two Door Cinema Club What You Know / I Can Talk 99
6%
3 Wallows Calling After Me / Bad Dream 501
6%
34 Brand New Archers / - 69
3%
15 Da Vinci's Notebook The Big Chair / Another Irish Drinking Song 182
3%
10 Deacon Blue Real Gone Kid / Fergus Sings The Blues 276
3%
13 Joker Out Sunny Side of London / Carpe Diem 191
3%
12 Alcest Untouched / Eclosion 241
0%
19 Chas 'n' Dave Rabbit / Ain't No Pleasing You 158
0%
=32 Mark Knopfler The Long Road / Why Aye Man 70
0%
No matching quizzes found
Score Distribution
Percent of People with Each Score
Percentile by Number Answered
Your Score History
You have not taken this quiz